000 00305nam a2200109Ia 4500
008 171211s9999 xx 000 0 und d
245 _aUnhomely Cinema: Home and Place in Global Cinema
245 _cDwayne Avery
260 _c2014
650 _xART
856 _uhttp://down.ebook777.com/061/1783083026.pdf
999 _c348582
_d348582